Normal view
MARC view
Entry Personal Name
001 - CONTROL NUMBER
- control field: 547810
003 - CONTROL NUMBER IDENTIFIER
- control field: OSt
005 - DATE AND TIME OF LATEST TRANSACTION
- control field: 20220930092120.0
008 - FIXED-LENGTH DATA ELEMENTS
- fixed length control field: 220930|| aca||aabn | a|a d
040 ## - CATALOGING SOURCE
- Original cataloging agency: OSt
- Transcribing agency: OSt
100 ## - HEADING--PERSONAL NAME
- Personal name: Raheja Anshuman
670 ## - SOURCE DATA FOUND
- Source citation: Work cat.: (OSt)883242: Raheja Anshuman, Comparison of efficacy of isobaric bupivacaine and isobaric ropivacaine in patirnts undergoing lower segment caesarean section under subarchnoid block, 2013
